000 01201cam a22003734i 4500
003 PE-LiUPU
005 20250731173219.0
008 150625s r 000 0 d
035 _a(Sirsi) a33368
040 _aPE-LiUPU
_bspa
_cPE-LiUPU
_erda
082 0 4 _a296.09
_bV37
_221
100 1 _aVaux, Roland de,
_eautor.
245 1 0 _aHistoria Antigua de Israel :
_bdesde los orígenes a la entrada en Canaan.
_n1.
264 1 _a
336 _atext
_2rdacontent
337 _aunmediated
_2rdamedia
338 _avolume
_2rdacarrier
526 _aSEG42
526 _aSEG41
526 _aSEG40
526 _aSEG39
526 _aP94
526 _aP87
526 _aP86
526 _aP85
526 _aP77
526 _aP76
526 _aP35
942 _2ddc
_cBOOK
949 _a296.09 V37 1
_wDEWEY
_c1
_i14757
_lCCODEBUL1
_mBUL
_p00.00
_r0
_sY
_tBOOK
_u2015-06-25
_xBIBLIOTECA
_zUNKNOWN
_0COMPRA
_o.STAFF. Colección Teología
596 _a1
999 _a296.09 V37 1
_wDEWEY
_c41107
_i14757
_d41107
_e2018-9-23
_f2021-11-12
_g5
_lCCODEBUL1
_mBUL
_n4
_q11
_r0
_sY
_tBOOK
_u2015-6-25
_xTEOLOGIA
_PP35
_0COMPRA
_o.STAFF. Colección Teología
980 _81
_gALBERTO SANCHEZ Responsable de Automatización